<?xml version="1.0" encoding="UTF-8"?><?xml-stylesheet type="text/xsl" href="static/style.xsl"?><OAI-PMH xmlns="http://www.openarchives.org/OAI/2.0/" xmlns:xsi="http://www.w3.org/2001/XMLSchema-instance" xsi:schemaLocation="http://www.openarchives.org/OAI/2.0/ http://www.openarchives.org/OAI/2.0/OAI-PMH.xsd"><responseDate>2026-04-27T08:09:30Z</responseDate><request verb="GetRecord" identifier="oai:repisalud.isciii.es:20.500.12105/9443" metadataPrefix="marc">https://repisalud.isciii.es/rest/oai/request</request><GetRecord><record><header><identifier>oai:repisalud.isciii.es:20.500.12105/9443</identifier><datestamp>2024-05-26T20:08:07Z</datestamp><setSpec>com_20.500.12105_2203</setSpec><setSpec>com_20.500.12105_2202</setSpec><setSpec>col_20.500.12105_19582</setSpec></header><metadata><record xmlns="http://www.loc.gov/MARC21/slim" xmlns:dcterms="http://purl.org/dc/terms/" xmlns:doc="http://www.lyncode.com/xoai" xmlns:xsi="http://www.w3.org/2001/XMLSchema-instance" xsi:schemaLocation="http://www.loc.gov/MARC21/slim http://www.loc.gov/standards/marcxml/schema/MARC21slim.xsd">
   <leader>00925njm 22002777a 4500</leader>
   <datafield ind2=" " ind1=" " tag="042">
      <subfield code="a">dc</subfield>
   </datafield>
   <datafield ind2=" " ind1=" " tag="720">
      <subfield code="a">Instituto de Salud Carlos III</subfield>
      <subfield code="e">author</subfield>
   </datafield>
   <datafield ind2=" " ind1=" " tag="260">
      <subfield code="c">2020-04-06</subfield>
   </datafield>
   <datafield ind2=" " ind1=" " tag="520">
      <subfield code="a">La pandemia por la COVID-19 está desafiando el funcionamiento del sistema sanitario. Entre otras cuestiones, dar respuesta prioritaria a las necesidades de atención hospitalaria e intensiva está convirtiendo en un reto mantener los niveles de atención habituales de otros servicios asistenciales. A esta situación se unen las medidas de confinamiento domiciliario, que pueden ser una dificultad añadida para el acceso de los profesionales asistenciales a sus pacientes y de los ciudadanos a la asistencia sanitaria. Las consecuencias pueden ser más evidentes en los colectivos más vulnerables, como niños, mayores y pacientes crónicos.&#xd;
La Unidad de Investigación en Salud Digital del Instituto de Salud Carlos III (ISCIII) recuerda que este tipo de situaciones obligan a reconocer la necesidad y la ventaja que supondría disponer, de manera generalizada, de modalidades innovadoras de asistencia. Los procedimientos asistenciales vinculados a as tecnologías de la información y la comunicación (TIC) son una buena alternativa o complemento para optimizar el uso y la distribución de recursos con una eficacia comparable a la atención presencial. Además, ante la imposibilidad de contacto presencial entre profesional y paciente, las TIC se convierten en la única posibilidad de proporcionar y recibir asistencia y cuidados.</subfield>
   </datafield>
   <datafield ind1="8" ind2=" " tag="024">
      <subfield code="a">http://hdl.handle.net/20.500.12105/9443</subfield>
   </datafield>
   <datafield tag="653" ind2=" " ind1=" ">
      <subfield code="a">Salud digital</subfield>
   </datafield>
   <datafield tag="653" ind2=" " ind1=" ">
      <subfield code="a">Telemedicina</subfield>
   </datafield>
   <datafield ind2="0" ind1="0" tag="245">
      <subfield code="a">La telemedicina, un apoyo más para facilitar la atención sanitaria: el ejemplo del Proyecto HAZLO</subfield>
   </datafield>
</record></metadata></record></GetRecord></OAI-PMH>